000
00204nam a2200109Ia 4500
100
_a
KEN COATES
942
_c
BK
245
_a
PANTHER MODERN SOCIETY
260
_b
#N/A
546
_a
ENGLISH
999
_c
29954
_d
29954